[Event "Sunway Formentera op"]
[Site "Sant Ferran de ses Roques ESP"]
[Date "2023.04.28"]
[Round "10.13"]
[White "Ivanov, Mike"]
[Black "Panda, Sambit"]
[Result "1/2-1/2"]
[WhiteElo "2288"]
[BlackElo "2452"]
[WhiteFideId "-1"]
[WhiteFideId "-1"]
[PlyCount "62"]
[GameId "2130307561101826"]
[EventDate "2023.04.18"]
[EventType "swiss"]
[EventRounds "10"]
[EventCountry "ESP"]
[SourceTitle "The Week in Chess 1486"]
[Source "Mark Crowther"]
[SourceDate "2023.05.01"]
[SourceVersion "1"]
[SourceVersionDate "2023.05.01"]
[SourceQuality "2"]

1. e4 c6 2. Nf3 d5 3. Nc3 Bg4 4. d4 Nf6 5. h3 Bxf3 6. Qxf3 e6 7. Qd3 Be7 8. Be2 O-O 9. O-O dxe4 10. Nxe4 Nbd7 11. Nxf6+ Bxf6 12. Be3 Qc7 13. c4 Rfd8 14. Qc2 Nf8 15. Rad1 Ng6 16. Rd2 Ne7 17. Bd3 g6 18. Be4 Nf5 19. Bxf5 exf5 20. g3 Rd7 21. Rfd1 Rad8 22. b3 Qa5 23. Rd3 f4 24. Bxf4 Qf5 25. R3d2 Qxh3 26. d5 cxd5 27. cxd5 h5 28. f3 Be7 29. Rh2 Qf5 30. Qxf5 gxf5 31. Rhd2 Bd6 1/2-1/2

[Event "Sunway op"]
[Site "Formentera ESP"]
[Date "2023.04.21"]
[Round "4"]
[White "Ivanov, Mike"]
[Black "Bergstrom, Rolf"]
[Result "1-0"]
[WhiteElo "2288"]
[BlackElo "2196"]
[WhiteFideId "-1"]
[WhiteFideId "-1"]
[PlyCount "123"]
[GameId "2130307561105961"]
[EventDate "2023.04.18"]
[EventType "swiss"]
[EventRounds "10"]
[EventCountry "ESP"]
[SourceTitle "10 Days #721"]
[Source "ChessMIx"]
[SourceDate "2023.05.01"]
[SourceVersion "1"]
[SourceVersionDate "2023.05.01"]
[SourceQuality "1"]
[WhiteTeam "Canada"]
[BlackTeam "Sweden"]
[WhiteTeamCountry "CAN"]
[BlackTeamCountry "SWE"]

1. e4 d6 2. d4 Nf6 3. Nc3 e5 4. Nf3 Nbd7 5. g4 h6 6. Rg1 c6 7. h4 exd4 8. Nxd4 Ne5 9. g5 hxg5 10. hxg5 Nfg4 11. Be2 Qb6 12. a4 Nh2 13. Nb3 Rh3 14. a5 Qd8 15. Rg3 Rxg3 16. fxg3 Be7 17. Bf4 Bxg5 18. Kd2 Qf6 19. Kc1 Bxf4+ 20. gxf4 Qxf4+ 21. Kb1 Qf6 22. Qg1 Nhg4 23. Ra4 Ke7 24. Rb4 Qf2 25. Qh1 Nf6 26. Nc1 g5 27. Nd3 Nxd3 28. Bxd3 Qc5 29. Rb3 Qxa5 30. Qh8 Qe5 31. Bc4 b6 32. Ra3 Ne8 33. Qh5 Be6 34. Bxe6 Kxe6 35. Qe2 Qc5 36. e5 Qxe5 37. Qc4+ Kd7 38. Qxf7+ Qe7 39. Qf5+ Kd8 40. Ne4 Ng7 41. Qg6 Kc7 42. Rh3 Rf8 43. Rh7 Rf7 44. Ka2 Qd7 45. Nxg5 Re7 46. Rxg7 Rxg7 47. Ne6+ Kb7 48. Nxg7 a5 49. Qf6 d5 50. Nf5 Kc7 51. Qe5+ Kb7 52. Nd6+ Ka6 53. Qf6 Ka7 54. Qf8 Qc7 55. Nf5 Kb7 56. Qe8 Ka7 57. Nd4 Kb7 58. Qe6 b5 59. Nb3 a4 60. Nc5+ Ka7 61. c3 Ka8 62. Na6 1-0

[Event "Sunway op"]
[Site "Formentera ESP"]
[Date "2023.04.22"]
[Round "5"]
[White "Fernandez Guillen, Ernesto"]
[Black "Ivanov, Mike"]
[Result "1-0"]
[WhiteElo "2461"]
[BlackElo "2288"]
[WhiteFideId "-1"]
[WhiteFideId "-1"]
[PlyCount "113"]
[GameId "2130307561105971"]
[EventDate "2023.04.18"]
[EventType "swiss"]
[EventRounds "10"]
[EventCountry "ESP"]
[SourceTitle "10 Days #721"]
[Source "ChessMIx"]
[SourceDate "2023.05.01"]
[SourceVersion "1"]
[SourceVersionDate "2023.05.01"]
[SourceQuality "1"]
[WhiteTeam "Cuba"]
[BlackTeam "Canada"]
[WhiteTeamCountry "CUB"]
[BlackTeamCountry "CAN"]

1. e4 e6 2. Nf3 d5 3. Nc3 d4 4. Ne2 c5 5. d3 Nc6 6. g3 e5 7. Bg2 f6 8. O-O Be6 9. Ne1 Qd7 10. c4 dxc3 11. bxc3 O-O-O 12. Be3 Nh6 13. f3 Be7 14. Kh1 Nf7 15. Qa4 Kb8 16. Rb1 h5 17. Rf2 h4 18. g4 g5 19. Nc1 Rc8 20. Rfb2 Rc7 21. Nb3 Ncd8 22. Qa3 Bxb3 23. axb3 Ne6 24. Qa1 b6 25. Ra2 Rhc8 26. Bf1 Nfd8 27. Nc2 Nc6 28. Na3 Rb7 29. Bg1 Nc7 30. Nc4 Rd8 31. h3 Bf8 32. Ne3 Be7 33. Rd1 Ne6 34. Bh2 Ka8 35. Nd5 Nc7 36. d4 cxd4 37. cxd4 Nxd5 38. dxe5 Nxe5 39. Rxd5 Qe6 40. Bxe5 Rxd5 41. Bc4 Qxe5 42. Bxd5 Qxa1+ 43. Rxa1 Kb8 44. Bxb7 Kxb7 45. f4 gxf4 46. Rd1 Kc6 47. Rd5 a5 48. Rf5 b5 49. e5 fxe5 50. g5 a4 51. bxa4 bxa4 52. g6 a3 53. Rxe5 Bb4 54. Re2 Bf8 55. Ra2 Kd5 56. Rxa3 Ke5 57. Ra7 1-0

[Event "Sunway op"]
[Site "Formentera ESP"]
[Date "2023.04.26"]
[Round "8"]
[White "Ivanov, Mike"]
[Black "Ayza Ballester, Jordi"]
[Result "1-0"]
[WhiteElo "2288"]
[BlackElo "2096"]
[WhiteFideId "-1"]
[WhiteFideId "-1"]
[PlyCount "69"]
[GameId "2130307561106007"]
[EventDate "2023.04.18"]
[EventType "swiss"]
[EventRounds "10"]
[EventCountry "ESP"]
[SourceTitle "10 Days #721"]
[Source "ChessMIx"]
[SourceDate "2023.05.01"]
[SourceVersion "1"]
[SourceVersionDate "2023.05.01"]
[SourceQuality "1"]
[WhiteTeam "Canada"]
[BlackTeam "Spain"]
[WhiteTeamCountry "CAN"]
[BlackTeamCountry "ESP"]

1. e4 c5 2. Nf3 g6 3. d4 cxd4 4. Qxd4 Nf6 5. Nc3 Nc6 6. Qa4 d6 7. e5 dxe5 8. Nxe5 Bd7 9. Nxd7 Qxd7 10. Be3 Bg7 11. Rd1 Qc8 12. Be2 O-O 13. O-O Qc7 14. f4 a6 15. Qa3 b5 16. Qc5 Rfc8 17. Bf3 Bf8 18. Qg5 Rd8 19. Ne4 Nxe4 20. Bxe4 Rxd1 21. Rxd1 Rd8 22. Rxd8 Nxd8 23. Qd5 e6 24. Qd4 Bg7 25. Qb6 Qd7 26. b3 Qd1+ 27. Kf2 Bc3 28. Kg3 e5 29. f5 Be1+ 30. Bf2 Bxf2+ 31. Qxf2 Qd6 32. h4 gxf5 33. Qxf5 Qg6+ 34. Kf3 Nc6 35. Qc8+ 1-0

[Event "Sunway op"]
[Site "Formentera ESP"]
[Date "2023.04.27"]
[Round "9"]
[White "Rakhmangulova, Anastasiya"]
[Black "Ivanov, Mike"]
[Result "0-1"]
[WhiteElo "2266"]
[BlackElo "2288"]
[WhiteFideId "-1"]
[WhiteFideId "-1"]
[PlyCount "76"]
[GameId "2130307561106020"]
[EventDate "2023.04.18"]
[EventType "swiss"]
[EventRounds "10"]
[EventCountry "ESP"]
[SourceTitle "10 Days #721"]
[Source "ChessMIx"]
[SourceDate "2023.05.01"]
[SourceVersion "1"]
[SourceVersionDate "2023.05.01"]
[SourceQuality "1"]
[WhiteTeam "Ukraine"]
[BlackTeam "Canada"]
[WhiteTeamCountry "UKR"]
[BlackTeamCountry "CAN"]

1. e4 e6 2. d4 d5 3. Nd2 c5 4. Ngf3 Nc6 5. exd5 exd5 6. Bb5 cxd4 7. O-O Bd6 8. Nb3 Nge7 9. Bg5 O-O 10. Bh4 Bg4 11. Bg3 Bxg3 12. hxg3 Qb6 13. Bxc6 Nxc6 14. Qd2 Bxf3 15. gxf3 a5 16. a4 Rac8 17. Rac1 Ne5 18. Qxa5 Nxf3+ 19. Kg2 Qe6 20. Nd2 b6 21. Qb4 Nh4+ 22. Kh2 Qh6 23. Rfd1 Rfe8 24. Kg1 Re4 25. Nxe4 Nf3+ 26. Kg2 dxe4 27. Rh1 Qe6 28. Rh5 d3 29. a5 bxa5 30. Qxa5 g6 31. Rc5 d2 32. Ra1 Re8 33. Qc3 Rd8 34. Rc7 h5 35. Rd1 Qg4 36. Qf6 Rf8 37. Ra1 Ng5 38. f3 exf3+ 0-1

[Event "Ivy League Challenge"]
[Site "Toronto CAN"]
[Date "2023.03.24"]
[Round "1"]
[White "Ivanov, Mike"]
[Black "Gurevich, Daniel"]
[Result "1/2-1/2"]
[WhiteElo "2299"]
[BlackElo "2446"]
[WhiteFideId "-1"]
[WhiteFideId "-1"]
[PlyCount "104"]
[GameId "2160767907254136"]
[EventDate "2023.03.24"]
[EventRounds "5"]
[EventCountry "CAN"]
[SourceTitle "10 Days #718"]
[Source "ChessMix"]
[SourceDate "2023.04.01"]
[SourceVersion "1"]
[SourceVersionDate "2023.04.01"]
[SourceQuality "1"]
[WhiteTeam "University of Toronto - B"]
[BlackTeam "Princeton University"]

1. e4 c6 2. Nf3 d5 3. Nc3 Bg4 4. d4 dxe4 5. Nxe4 Nf6 6. Nxf6+ exf6 7. Be2 Bd6 8. h3 Bf5 9. O-O O-O 10. Be3 Re8 11. c4 Nd7 12. Qd2 Nf8 13. Rfd1 Be4 14. Rac1 a5 15. a3 Ng6 16. d5 c5 17. b4 b6 18. bxc5 bxc5 19. Ne1 Qe7 20. Qc3 Nf4 21. Bf1 Qd7 22. Qd2 g5 23. Rc3 Rab8 24. Nd3 Nxd3 25. Bxd3 Qf5 26. Qc2 h5 27. Bxe4 Qxe4 28. Qxe4 Rxe4 29. Kf1 Rb2 30. Rdc1 a4 31. R1c2 Rb1+ 32. Rc1 Rb8 33. Re1 Kg7 34. Bc1 Re5 35. Ree3 Rxe3 36. Bxe3 Rb3 37. Bd2 Be5 38. Re3 Bf4 39. Re2 Rxa3 40. Bxf4 gxf4 41. Rd2 Rb3 42. d6 Rb8 43. Ra2 Rd8 44. Rxa4 Rxd6 45. Ra5 Rc6 46. Ke2 Kg6 47. Kf3 Kf5 48. Ra8 Rb6 49. Rc8 Rb3+ 50. Ke2 Rb2+ 51. Kf3 Rb3+ 52. Ke2 Rb2+ 1/2-1/2

[Event "Ivy League Challenge"]
[Site "Toronto CAN"]
[Date "2023.03.25"]
[Round "3"]
[White "Liang, Awonder"]
[Black "Ivanov, Mike"]
[Result "1-0"]
[WhiteElo "2643"]
[BlackElo "2299"]
[WhiteFideId "-1"]
[WhiteFideId "-1"]
[PlyCount "89"]
[GameId "2160767907254163"]
[EventDate "2023.03.24"]
[EventRounds "5"]
[EventCountry "CAN"]
[SourceTitle "10 Days #718"]
[Source "ChessMix"]
[SourceDate "2023.04.01"]
[SourceVersion "1"]
[SourceVersionDate "2023.04.01"]
[SourceQuality "1"]
[WhiteTeam "University of Chicago"]
[BlackTeam "University of Toronto - B"]

1. d4 Nf6 2. c4 e6 3. Nf3 c5 4. d5 d6 5. Nc3 exd5 6. cxd5 g6 7. Nd2 Nbd7 8. e4 Bg7 9. Be2 O-O 10. O-O Re8 11. a4 Ne5 12. Ndb1 h6 13. f4 Ned7 14. Bf3 Nh7 15. Na3 Bd4+ 16. Kh1 a6 17. Qd3 g5 18. e5 gxf4 19. e6 fxe6 20. Qg6+ Bg7 21. Bxf4 Ndf8 22. Qg3 Kh8 23. Bxd6 exd5 24. Nxd5 Re6 25. Bc7 Qg5 26. Nc4 Bd7 27. Ndb6 Rae8 28. Nxd7 Nxd7 29. Bg4 Nhf6 30. Bxe6 Qxg3 31. Bxg3 Rxe6 32. Rae1 Ne4 33. Be5 Nef6 34. Bxf6 Rxf6 35. Rxf6 Bxf6 36. Re6 b5 37. axb5 axb5 38. Nb6 Nxb6 39. Rxf6 Nc4 40. Rxh6+ Kg7 41. Rc6 Nxb2 42. Rxc5 b4 43. Rb5 Nd3 44. h4 Kf6 45. Kh2 1-0

[Event "Ivy League Challenge"]
[Site "Toronto CAN"]
[Date "2023.03.25"]
[Round "4"]
[White "Shen, Christopher"]
[Black "Ivanov, Mike"]
[Result "1-0"]
[WhiteElo "2332"]
[BlackElo "2299"]
[WhiteFideId "-1"]
[WhiteFideId "-1"]
[PlyCount "157"]
[GameId "2160767907254175"]
[EventDate "2023.03.24"]
[EventRounds "5"]
[EventCountry "CAN"]
[SourceTitle "CBM 213 Extra"]
[Source "ChessBase"]
[SourceDate "2023.05.31"]
[SourceVersion "1"]
[SourceVersionDate "2023.05.31"]
[SourceQuality "1"]
[WhiteTeam "Harvard Univ"]
[BlackTeam "Toronto Univ II"]
[WhiteTeamCountry "USA"]
[BlackTeamCountry "CAN"]

1. c4 e5 2. g3 Nc6 3. Bg2 Bc5 4. Nc3 a6 5. e3 d6 6. Nf3 Ba7 7. O-O Nge7 8. d4 Bg4 9. d5 Nb8 10. h3 Bxf3 11. Bxf3 Nd7 12. b3 O-O 13. Bb2 f5 14. Ne2 b5 15. cxb5 axb5 16. Qd2 Bb6 17. Bg2 Nc5 18. Kh2 Qd7 19. h4 Kh8 20. b4 Na4 21. Nc3 Ng8 22. Nxa4 Rxa4 23. a3 Nf6 24. Bh3 Ng4+ 25. Kg2 h5 26. Rae1 e4 27. f3 Raa8 28. Bxg4 hxg4 29. f4 Qf7 30. Rc1 Rfb8 31. Rfd1 Kh7 32. Rc6 Ra7 33. Qc3 Rg8 34. Qd2 Rb8 35. Kf2 Rba8 36. Qc3 Rb8 37. Ke2 Rba8 38. Rd2 Rb8 39. Qb3 Rba8 40. Kd1 Ra6 41. Qc3 R6a7 42. Kc2 Ra6 43. Kb1 R6a7 44. Qb3 Ra6 45. Rdc2 R6a7 46. R2c3 Rb8 47. Qd1 Rbb7 48. Qd2 Ra6 49. Qd1 Ra8 50. Qb3 Ra6 51. Rc1 Ra8 52. Rd1 Rba7 53. Rc3 Ra6 54. Qc2 Rb8 55. Qe2 Raa8 56. Rc6 Qg8 57. Rd2 Qf7 58. Rd1 Qg8 59. Rc2 Ra7 60. Qxb5 Bxe3 61. Qd7 Qe8 62. Qxf5+ Kg8 63. Re1 Bb6 64. Rxe4 Qf7 65. Qg5 c5 66. dxc6 Rc7 67. Rce2 Qb3 68. Qh5 Rf8 69. Re8 Rc8 70. Rxc8 Rxc8 71. Re8+ Rxe8 72. Qxe8+ Kh7 73. Qe4+ Kg8 74. Qc2 Qxg3 75. Qc4+ Kh7 76. Qf7 Qg1+ 77. Ka2 Bd4 78. Qh5+ Kg8 79. Qd5+ 1-0

[Event "Excelsior March Rapid"]
[Site "Toronto CAN"]
[Date "2023.03.18"]
[Round "2.8"]
[White "Ivanov, Mike"]
[Black "Ning, Eric"]
[Result "1-0"]
[WhiteElo "2388"]
[BlackElo "2182"]
[WhiteFideId "-1"]
[WhiteFideId "-1"]
[PlyCount "115"]
[GameId "2160767907250358"]
[EventDate "2023.03.18"]
[EventType "swiss (rapid)"]
[EventRounds "5"]
[EventCountry "CAN"]

1. e4 c5 2. Nf3 Nc6 3. Bb5 g6 4. c3 Bg7 5. d4 Qb6 6. Bxc6 bxc6 7. O-O e6 8. dxc5 Qxc5 9. Be3 Qe7 10. Bg5 f6 11. Be3 Nh6 12. c4 c5 13. Nc3 O-O 14. Nd5 Qf7 15. Nc7 Rb8 16. Nb5 d5 17. exd5 Nf5 18. Bxc5 Rd8 19. d6 a6 20. Nbd4 Rxb2 21. Nxf5 exf5 22. Ba3 Rb8 23. c5 Bb7 24. Nd4 Qd5 25. Qb3 Qxb3 26. axb3 Rbc8 27. Rac1 Bc6 28. Nxc6 Rxc6 29. Rce1 Bf8 30. b4 Kf7 31. f4 Bxd6 32. cxd6 Rcxd6 33. Bb2 Rd3 34. Rf3 Rxf3 35. gxf3 Rd3 36. Bc1 Rb3 37. Bd2 Rb2 38. Re2 g5 39. Kf2 h6 40. Bc3 Rb3 41. Rc2 Ke6 42. Ke2 g4 43. fxg4 fxg4 44. Be1 Kf5 45. Rc6 Ra3 46. Bd2 h5 47. Rc5+ Kg6 48. f5+ Kf7 49. Rc3 Ra4 50. Rc7+ Kg8 51. Kd3 Ra3+ 52. Rc3 Ra1 53. Rc1 Ra3+ 54. Bc3 Kf7 55. Ra1 Rxa1 56. Bxa1 h4 57. Ke3 Ke7 58. Kf4 1-0

[Event "Excelsior March Rapid"]
[Site "Toronto CAN"]
[Date "2023.03.18"]
[Round "3.2"]
[White "Ivanov, Mike"]
[Black "Noritsyn, Nikolay"]
[Result "0-1"]
[WhiteElo "2388"]
[BlackElo "2592"]
[WhiteFideId "-1"]
[WhiteFideId "-1"]
[PlyCount "94"]
[GameId "2160767907250360"]
[EventDate "2023.03.18"]
[EventType "swiss (rapid)"]
[EventRounds "5"]
[EventCountry "CAN"]

1. e4 c5 2. Nf3 e6 3. b3 b6 4. Bb2 Bb7 5. Nc3 Nc6 6. Qe2 d6 7. O-O-O e5 8. g4 Nge7 9. Qe3 Nd4 10. Nh4 Nec6 11. Nf5 g6 12. Nd5 gxf5 13. exf5 Rc8 14. f4 Bg7 15. g5 Nxf5 16. Qh3 Nfe7 17. Bg2 Nxd5 18. Bxd5 Rc7 19. Qg2 Qd7 20. Rdf1 Nd4 21. Bxb7 Rxb7 22. f5 Qc6 23. Qg4 h5 24. Qh4 Qg2 25. Bxd4 cxd4 26. f6 Bf8 27. Rhg1 Qc6 28. g6 Rc7 29. c3 dxc3 30. d3 c2 31. g7 Rg8 32. Qc4 d5 33. gxf8=Q+ Rxf8 34. Qxc6+ Rxc6 35. Rf5 Re6 36. Re1 e4 37. d4 Rd6 38. Rg1 Kd7 39. Rxh5 Kc6 40. Rg2 Rxf6 41. Kxc2 Rf3 42. Rgg5 f5 43. Rg6+ Kb5 44. Rd6 Kb4 45. Rxd5 Rf2+ 46. Kd1 Rg8 47. Ke1 e3 0-1

[Event "Excelsior March Rapid"]
[Site "Toronto CAN"]
[Date "2023.03.18"]
[Round "4.4"]
[White "Dukic, Zachary"]
[Black "Ivanov, Mike"]
[Result "1/2-1/2"]
[WhiteElo "2373"]
[BlackElo "2388"]
[WhiteFideId "-1"]
[WhiteFideId "-1"]
[PlyCount "85"]
[GameId "2160767907250370"]
[EventDate "2023.03.18"]
[EventType "swiss (rapid)"]
[EventRounds "5"]
[EventCountry "CAN"]

1. e4 e6 2. d4 d5 3. Bd3 dxe4 4. Bxe4 Nf6 5. Bf3 Nbd7 6. Nc3 Bd6 7. Nge2 O-O 8. O-O Re8 9. Nb5 e5 10. Nxd6 cxd6 11. Ng3 e4 12. Be2 Nf8 13. f3 e3 14. Bd3 Qb6 15. Re1 Ng6 16. c3 Nf4 17. Ne4 N6d5 18. Bc4 Bf5 19. Qb3 Be6 20. Qxb6 Nxb6 21. Bxe6 Rxe6 22. Bxe3 Nd3 23. Re2 f5 24. Ng5 Re7 25. Rd1 Nxb2 26. Rxb2 Rxe3 27. c4 h6 28. Nh3 Rc3 29. a4 Rb8 30. Rdb1 Rxc4 31. a5 Nd5 32. Rxb7 Rc1+ 33. Rxc1 Rxb7 34. Rc6 Rb2 35. Rxd6 Ne3 36. Nf4 g5 37. Nd5 Nxg2 38. Rd7 Nh4 39. Nf6+ Kf8 40. Nh7+ Ke8 41. Nf6+ Kf8 42. Nh7+ Ke8 43. Nf6+ 1/2-1/2

[Event "Excelsior March Rapid"]
[Site "Toronto CAN"]
[Date "2023.03.18"]
[Round "5.7"]
[White "Ivanov, Mike"]
[Black "Mendes, Aaron Reeve"]
[Result "1-0"]
[WhiteElo "2388"]
[BlackElo "2202"]
[WhiteFideId "-1"]
[WhiteFideId "-1"]
[PlyCount "153"]
[GameId "2160767907250381"]
[EventDate "2023.03.18"]
[EventType "swiss (rapid)"]
[EventRounds "5"]
[EventCountry "CAN"]

1. e4 c5 2. Nf3 d6 3. d4 cxd4 4. Qxd4 Nc6 5. Qe3 g6 6. h3 Bg7 7. Be2 Nf6 8. O-O O-O 9. Rd1 Qc7 10. c4 a6 11. Nc3 e6 12. Qf4 Ne5 13. Nxe5 dxe5 14. Qh4 b6 15. Bg5 Nd7 16. Be7 Re8 17. Bd6 Qa7 18. b4 Bb7 19. Be7 Nf8 20. Bg5 Rac8 21. Be3 Qb8 22. Na4 b5 23. Nb6 bxc4 24. Nxc8 Rxc8 25. Rac1 c3 26. Bc5 Qa8 27. f3 a5 28. a3 axb4 29. axb4 Qa2 30. Qe1 c2 31. Rd2 Bh6 32. Rdxc2 Qa4 33. Qd1 Bxc1 34. Rxc1 Qa3 35. Rc2 Qa4 36. Rd2 Qxd1+ 37. Rxd1 f5 38. exf5 exf5 39. Bc4+ Kg7 40. Ra1 Ra8 41. Rxa8 Bxa8 42. Bd6 Bb7 43. Bxe5+ Kh6 44. Kf2 Nd7 45. Bd4 Kg5 46. Bb5 Nb8 47. Be5 Nc6 48. f4+ Kh5 49. Bxc6 Bxc6 50. g3 h6 51. Ke3 Bg2 52. Kf2 Bb7 53. b5 g5 54. Ke3 Bg2 55. b6 Kg6 56. Kd4 Kf7 57. fxg5 hxg5 58. h4 f4 59. hxg5 fxg3 60. Bxg3 Ke6 61. Be5 Kf5 62. Bf6 Ba8 63. Bd8 Bf3 64. Kc5 Ke6 65. g6 Bb7 66. g7 Kf7 67. Bf6 Kg8 68. Kd6 Be4 69. Kc7 Kf7 70. b7 Bxb7 71. Kxb7 Kg8 72. Kc7 Kf7 73. Kd6 Kg8 74. Ke7 Kh7 75. Kf7 Kh6 76. g8=Q Kh5 77. Qg5# 1-0

[Event "Excelsior March GM Norm"]
[Site "Toronto CAN"]
[Date "2023.03.13"]
[Round "1"]
[White "Ibarra Chami, Luis Fernando"]
[Black "Ivanov, Mike"]
[Result "1-0"]
[WhiteElo "2447"]
[BlackElo "2299"]
[WhiteFideId "-1"]
[WhiteFideId "-1"]
[PlyCount "107"]
[GameId "2160767907250461"]
[EventDate "2023.03.13"]
[EventType "tourn"]
[EventRounds "9"]
[EventCountry "CAN"]
[SourceTitle "CBM 213 Extra"]
[Source "ChessBase"]
[SourceDate "2023.05.31"]
[SourceVersion "1"]
[SourceVersionDate "2023.05.31"]
[SourceQuality "1"]

1. d4 Nf6 2. c4 e6 3. Nf3 c5 4. d5 d6 5. Nc3 exd5 6. cxd5 g6 7. Nd2 Nbd7 8. e4 Bg7 9. Be2 O-O 10. O-O Re8 11. a4 Ne5 12. Re1 Nh5 13. Nf1 Qh4 14. Nb5 Rd8 15. g3 Qh3 16. Ra3 Ng4 17. Bf3 Ne5 18. Be2 Ng4 19. Bg5 a6 20. Bxd8 axb5 21. Bf3 Ne5 22. axb5 Rxa3 23. bxa3 Nf4 24. Bh1 Nfd3 25. Re3 Qd7 26. Rxd3 Nxd3 27. Qxd3 Qxd8 28. Bf3 Qa5 29. Kg2 Bd7 30. Be2 Qa4 31. Ne3 Bb2 32. Qc2 Qxc2 33. Nxc2 f5 34. a4 Bc3 35. Ne3 fxe4 36. Bg4 Bxg4 37. Nxg4 Bd4 38. Ne3 Kf7 39. a5 Ke7 40. Nc4 Kd7 41. g4 h6 42. Kg3 Kc7 43. h4 g5 44. h5 Bc3 45. Kg2 Bb4 46. Kf1 Bc3 47. Ke2 Bd4 48. Ke1 Bc3+ 49. Kd1 Bf6 50. Kd2 Bd4 51. Ke2 Kd7 52. f3 e3 53. Kd3 Kc7 54. Nxe3 1-0

[Event "Excelsior March GM Norm"]
[Site "Toronto CAN"]
[Date "2023.03.14"]
[Round "4"]
[White "Ivanov, Mike"]
[Black "Sambuev, Bator"]
[Result "1/2-1/2"]
[WhiteElo "2299"]
[BlackElo "2434"]
[WhiteFideId "-1"]
[WhiteFideId "-1"]
[PlyCount "97"]
[GameId "2160767907250475"]
[EventDate "2023.03.13"]
[EventType "tourn"]
[EventRounds "9"]
[EventCountry "CAN"]
[SourceTitle "CBM 213 Extra"]
[Source "ChessBase"]
[SourceDate "2023.05.31"]
[SourceVersion "1"]
[SourceVersionDate "2023.05.31"]
[SourceQuality "1"]

1. e4 e5 2. Nf3 Nc6 3. Nc3 Nf6 4. h3 d5 5. exd5 Nxd5 6. Bb5 Nxc3 7. bxc3 Bd6 8. O-O O-O 9. Re1 Qf6 10. d4 exd4 11. cxd4 h6 12. c4 Na5 13. c5 Bf4 14. Qa4 Bxc1 15. Raxc1 b6 16. Ne5 Be6 17. Nd7 Bxd7 18. Bxd7 Nb7 19. Qc6 Qxc6 20. Bxc6 Rab8 21. Re7 Nd8 22. Bd5 bxc5 23. Rxc5 Rb1+ 24. Kh2 Rd1 25. Rcxc7 Rxd4 26. Red7 Rf4 27. Kg3 Rf6 28. Rxa7 Ne6 29. Rd6 Rc8 30. Ra8 Rxa8 31. Bxa8 Kf8 32. a4 Rf5 33. Rd5 Rf4 34. Bc6 Rc4 35. Bb5 Rc2 36. Rd7 Nc7 37. h4 Nxb5 38. axb5 Rb2 39. Rb7 g6 40. h5 gxh5 41. f3 Kg7 42. Rb6 h4+ 43. Kh3 Rb4 44. Rb8 Kf6 45. b6 Kg7 46. b7 Kh7 47. Kh2 Rb1 48. Kh3 Rb4 49. Kh2 1/2-1/2

[Event "Excelsior March GM Norm"]
[Site "Toronto CAN"]
[Date "2023.03.15"]
[Round "5"]
[White "Dukic, Zachary"]
[Black "Ivanov, Mike"]
[Result "1/2-1/2"]
[WhiteElo "2238"]
[BlackElo "2299"]
[WhiteFideId "-1"]
[WhiteFideId "-1"]
[PlyCount "148"]
[GameId "2160767907250481"]
[EventDate "2023.03.13"]
[EventType "tourn"]
[EventRounds "9"]
[EventCountry "CAN"]
[SourceTitle "CBM 213 Extra"]
[Source "ChessBase"]
[SourceDate "2023.05.31"]
[SourceVersion "1"]
[SourceVersionDate "2023.05.31"]
[SourceQuality "1"]

1. e4 e6 2. d4 d5 3. Bd3 dxe4 4. Bxe4 Nf6 5. Bf3 Nc6 6. Ne2 e5 7. Bxc6+ bxc6 8. O-O e4 9. c4 Bd6 10. Nbc3 O-O 11. Qa4 Bd7 12. c5 Be7 13. Ng3 Nd5 14. Ngxe4 f5 15. Nd2 f4 16. Nf3 Bf6 17. Nxd5 cxd5 18. c6 Bg4 19. Bxf4 Bxf3 20. gxf3 Bg5 21. Bg3 Rxf3 22. Qa5 Rf7 23. Rfe1 Bf4 24. Re6 Qg5 25. Qe1 Raf8 26. Re8 Qf6 27. Rxf8+ Kxf8 28. Qb4+ Kg8 29. Re1 h5 30. Qc3 h4 31. Bxf4 Qxf4 32. Qe3 Qf6 33. Re2 Qg6+ 34. Kf1 Qb1+ 35. Re1 Qxb2 36. Qe8+ Rf8 37. Qe6+ Kh8 38. Qe3 Qxa2 39. Qe2 Qxe2+ 40. Rxe2 Rf6 41. Re5 Rxc6 42. Rxd5 Kg8 43. Ra5 a6 44. Ke2 Kf7 45. f4 Rc2+ 46. Kf3 Rxh2 47. Rxa6 Rc2 48. Kg4 Rc4 49. d5 Ke7 50. Rg6 Kf7 51. Ra6 Rc5 52. d6 cxd6 53. Rxd6 Rc4 54. Kxh4 Rxf4+ 55. Kg5 Rf1 56. Rd7+ Kg8 57. Ra7 Kh7 58. Rb7 Ra1 59. Rb2 Ra5+ 60. Kg4 Kh6 61. Kg3 Ra3+ 62. Kg2 Kh5 63. Rb4 g5 64. Rc4 Kg6 65. Rc6+ Kf5 66. Rc5+ Kg4 67. Rc4+ Kh5 68. Rb4 Re3 69. Ra4 Kg6 70. Ra6+ Kf5 71. Ra5+ Kf4 72. Ra4+ Re4 73. Rxe4+ Kxe4 74. Kg3 Ke5 1/2-1/2

[Event "Excelsior March GM Norm"]
[Site "Toronto CAN"]
[Date "2023.03.15"]
[Round "6"]
[White "Posthuma, Joshua"]
[Black "Ivanov, Mike"]
[Result "1/2-1/2"]
[WhiteElo "2441"]
[BlackElo "2299"]
[WhiteFideId "-1"]
[WhiteFideId "-1"]
[PlyCount "99"]
[GameId "2160767907250489"]
[EventDate "2023.03.13"]
[EventType "tourn"]
[EventRounds "9"]
[EventCountry "CAN"]
[SourceTitle "CBM 213 Extra"]
[Source "ChessBase"]
[SourceDate "2023.05.31"]
[SourceVersion "1"]
[SourceVersionDate "2023.05.31"]
[SourceQuality "1"]

1. Nf3 Nf6 2. g3 g6 3. b3 d5 4. Bb2 c5 5. Bg2 Bg7 6. O-O O-O 7. c4 d4 8. b4 Re8 9. d3 e5 10. Nbd2 a5 11. bxc5 Na6 12. Ba3 Qc7 13. Rb1 Nxc5 14. Bxc5 Qxc5 15. Ng5 Qc7 16. Nge4 Nxe4 17. Nxe4 f5 18. Ng5 Bf6 19. Bd5+ Kg7 20. Nf3 Rb8 21. e4 dxe3 22. fxe3 Bd7 23. a4 Qc5 24. d4 exd4 25. exd4 Qc7 26. Qb3 b6 27. Rfe1 f4 28. Rxe8 Bxe8 29. g4 Bc6 30. g5 Bd8 31. Bxc6 Qxc6 32. Re1 Rc8 33. Ne5 Qe6 34. h4 Bc7 35. d5 Qf5 36. Nc6 Bd6 37. Qc3+ Kf7 38. Ne5+ Bxe5 39. Rxe5 Qg4+ 40. Kf2 Qxh4+ 41. Ke2 Qg4+ 42. Kd2 Qg2+ 43. Kd1 Qg4+ 44. Kd2 f3 45. Qe3 Qxc4 46. Rf5+ gxf5 47. Qe6+ Kg7 48. Qf6+ Kg8 49. Qe6+ Kf8 50. Qf6+ 1/2-1/2

[Event "Excelsior March GM Norm"]
[Site "Toronto CAN"]
[Date "2023.03.16"]
[Round "7"]
[White "Ivanov, Mike"]
[Black "Nagy, Gabor"]
[Result "0-1"]
[WhiteElo "2299"]
[BlackElo "2497"]
[WhiteFideId "-1"]
[WhiteFideId "-1"]
[PlyCount "104"]
[GameId "2160767907250492"]
[EventDate "2023.03.13"]
[EventType "tourn"]
[EventRounds "9"]
[EventCountry "CAN"]
[SourceTitle "CBM 213 Extra"]
[Source "ChessBase"]
[SourceDate "2023.05.31"]
[SourceVersion "1"]
[SourceVersionDate "2023.05.31"]
[SourceQuality "1"]

1. e4 c5 2. Nf3 d6 3. d4 cxd4 4. Qxd4 Nc6 5. Bb5 Bd7 6. Bxc6 Bxc6 7. Nc3 Nf6 8. Bg5 e6 9. O-O-O Be7 10. Qd3 O-O 11. Nd4 Qa5 12. f4 Rfc8 13. f5 Bd7 14. Rhf1 Qa6 15. fxe6 fxe6 16. Nde2 Qxd3 17. Rxd3 Rc5 18. e5 Rxe5 19. Bf4 Rxe2 20. Nxe2 Bb5 21. Re3 e5 22. Bg5 Nd5 23. Bxe7 Nxe3 24. Rf3 Nxg2 25. Nc3 Bc6 26. Rf2 Re8 27. Bxd6 Nh4 28. Nd1 Nf3 29. Ne3 Re6 30. Bb8 a6 31. c4 e4 32. b3 g5 33. Kb2 Kg7 34. Kc3 Kg6 35. Nc2 Re8 36. Bd6 g4 37. Nd4 Bd7 38. h3 e3 39. Re2 Ng1 40. Re1 Nxh3 41. Nc2 Ng5 42. Bf4 Ne4+ 43. Kd4 Nd2 44. Rxe3 Nf3+ 45. Kd3 Bf5+ 46. Kc3 Rxe3+ 47. Nxe3 h5 48. c5 h4 49. b4 g3 50. a4 Bd7 51. Kb3 Nd4+ 52. Kc4 Ne2 0-1